1103 1867 1092 1267 1609 1244 1799 1746 1805 1551 1437 1726 1803 1910 1219 1488 1340 1772 1300 1461 1099 1230 1677 1211 1606 1443 1822 1880 1022 1616 1358 1564 1458 1132 1374 1667 1298 1372 1874 1456 1345 1522 1067 1792 1192 1331 1512 1249 1231 1729 1974 1080 1294 1247 1035 1648 1603 1548 1573 1761 1748 1314 1989 1230 1944 1826 1355 1189 1358 1818 1140 1775 1636 1414 1662 1973 1268 1669 1851 1476 1858 1712 1207 1863 1338 1960 1146 1223 1056 1990 1814 1127 1249 1338 1695 1894 1116 1766 1507 BCNSPRNW ULIB Ver.6.0+V

เปลี่ยนเป็นภาษาไทย

Change to English
 แสดงรายละเอียดบรรณานุกรม
  กลับหน้าหลัก

Brief Record : Get Marc (ISO 2709) : E-mail record : QR code < ปิดหน้าต่าง
LEADER : 00000nam 2200000uu 4500
001    13399112936
003     ULIB
008    110919s2546||||th 000 0 tha d
020    9749553632
050  4 LB2322^bป373ป 2546
110 2  สำนักมาตรฐานอุดมศึกษา
245 10 ประมวลศัพท์บัญญัติอุดมศึกษา /^cสำนักมาตรฐานอุดมศึกษา สำนักงานปลัดทบวงมหาวิทยาลัย
250    พิมพ์ครั้งที่ 1
260    กรุงเทพฯ :^bสำนักมาตรฐานอุดมศึกษา,^c2546
300    166 หน้า ;^c22 ซม.
650  4 การศึกษาขั้นอุดมศึกษา^vพจนานุกรม
650  4 ศัพท์บัญญัติ^xการศึกษาขั้นอุดมศึกษา
945    ^p0^l0^i016537
995    ทศพร
999 ^a ทศพร
รายการนี้ยังไม่มีแท็ก
คุณยังไม่ได้ล็อกอิน คุณสามารถมีกิจกรรมร่วมกับเว็บไซต์ได้ แต่ต้องล็อกอินก่อน ::
  ล็อกอิน

รายการสื่อสารสนเทศ

ลำดับที่ ประเภท เลขเรียก/บาร์โค้ด สถานที่ สถานะ
- ไม่พบข้อมูล -

BibComment


ยังไม่เคยถูกคอมเมนท์

คอมเมนท์ทรัพยากรรายการนี้
  คอมเมนท์: ประมวลศัพท์บัญญัต..


 Copyright 2026. Bcnsprnw @Library